[Event "NAYCC U10"]
[Site "Toronto CAN"]
[Date "2013.08.18"]
[Round "8"]
[White "Yang, Kai Wen"]
[Black "Demers, Alexis"]
[Result "0-1"]
[WhiteElo "863"]
[BlackElo "1181"]
[PlyCount "104"]
[GameId "2160767909258935"]
[EventDate "2013.08.14"]
[EventType "swiss"]
[EventRounds "9"]
[EventCountry "CAN"]
[SourceTitle "EXT 2022"]
[Source "ChessBase"]
[SourceDate "2021.10.06"]
[SourceVersion "1"]
[SourceVersionDate "2021.10.06"]
[SourceQuality "1"]

1. d4 Nf6 2. Bg5 Ne4 3. Nf3 Nxg5 4. Nxg5 e5 5. Nf3 e4 6. Nfd2 d5 7. c4 c6 8. Nc3 Bb4 9. e3 O-O 10. f3 f5 11. Be2 Qh4+ 12. g3 Qh6 13. f4 Be6 14. Bf1 Nd7 15. Bg2 Bxc3 16. bxc3 dxc4 17. Rb1 b5 18. O-O Nf6 19. a4 a6 20. axb5 cxb5 21. Re1 Ng4 22. h3 Nf6 23. Rb4 Nd5 24. Rb2 Nxc3 25. Qc2 Nd5 26. Ra2 Nb4 27. Qb1 Nxa2 28. Qxa2 c3 29. Qc2 cxd2 30. Qxd2 Rfd8 31. Rc1 Bc4 32. g4 g6 33. g5 Qh5 34. Qd1 Qxd1+ 35. Rxd1 Bd3 36. Bf1 Bxf1 37. Kxf1 Rac8 38. d5 Rc2 39. Kg1 Kf7 40. d6 Ke6 41. Rd4 Rxd6 42. Rxd6+ Kxd6 43. Kf1 Kd5 44. Ke1 Kc4 45. Kd1 Kd3 46. h4 Rh2 47. Kc1 Rg2 48. h5 Rh2 49. h6 Rg2 50. Kb1 Kc3 51. Ka1 Kb3 52. Kb1 Rg1# 0-1

[Event "NAYCC U10"]
[Site "Toronto CAN"]
[Date "2013.08.18"]
[Round "8"]
[White "Yelamarti, Shanmukh"]
[Black "Hung, Justin"]
[Result "1-0"]
[WhiteElo "393"]
[BlackElo "1179"]
[PlyCount "145"]
[GameId "2160767909258936"]
[EventDate "2013.08.14"]
[EventType "swiss"]
[EventRounds "9"]
[EventCountry "CAN"]
[SourceTitle "EXT 2022"]
[Source "ChessBase"]
[SourceDate "2021.10.06"]
[SourceVersion "1"]
[SourceVersionDate "2021.10.06"]
[SourceQuality "1"]

1. e4 e5 2. Nf3 Nc6 3. Bc4 Bc5 4. O-O Nf6 5. Nc3 O-O 6. d3 d6 7. Re1 Be6 8. Bxe6 fxe6 9. Be3 b6 10. Bxc5 bxc5 11. Ng5 Re8 12. Re3 d5 13. exd5 exd5 14. Rg3 h6 15. Nf3 Rb8 16. b3 d4 17. Na4 e4 18. dxe4 Nxe4 19. Rh3 Nc3 20. Nxc3 dxc3 21. Rh5 Qxd1+ 22. Rxd1 Rbd8 23. Rdd5 Kh7 24. Rxd8 Nxd8 25. Rd5 Re2 26. Rxc5 Rxc2 27. Kf1 Rxa2 28. Rxc3 a5 29. Rxc7 a4 30. bxa4 Rxa4 31. h4 Ne6 32. Re7 Ra1+ 33. Ne1 Nd4 34. f4 Nf5 35. Rf7 Ng3+ 36. Kf2 Ne4+ 37. Ke2 Ng3+ 38. Kf2 Ne4+ 39. Ke2 Ng3+ 40. Kf2 Nh1+ 41. Ke2 Ng3+ 42. Kf3 Rxe1 43. Kxg3 Kg8 44. Kf2 Kxf7 45. Kxe1 Kf6 46. g3 Kf5 47. Kf2 Kg4 48. Kg2 h5 49. Kh2 g6 50. Kg2 Kf5 51. Kf3 Ke6 52. g4 hxg4+ 53. Kxg4 Kf6 54. Kf3 Kf5 55. Kg3 Ke4 56. Kg4 Kd5 57. Kg5 Ke6 58. Kxg6 Ke7 59. h5 Kf8 60. f5 Kg8 61. h6 Kh8 62. f6 Kg8 63. f7+ Kf8 64. h7 Ke7 65. h8=Q Ke6 66. f8=Q Kd5 67. Qff6 Kc5 68. Qh5+ Kc4 69. Qf4+ Kd3 70. Qh3+ Ke2 71. Qfg3 Kd1 72. Qgg2 Ke1 73. Qhh1# 1-0

[Event "NAYCC U10"]
[Site "Toronto CAN"]
[Date "2013.08.18"]
[Round "8"]
[White "Yong, Nathaniel"]
[Black "Landa, Tamir"]
[Result "1/2-1/2"]
[WhiteElo "1014"]
[BlackElo "833"]
[PlyCount "77"]
[GameId "2160767909258937"]
[EventDate "2013.08.14"]
[EventType "swiss"]
[EventRounds "9"]
[EventCountry "CAN"]
[SourceTitle "EXT 2022"]
[Source "ChessBase"]
[SourceDate "2021.10.06"]
[SourceVersion "1"]
[SourceVersionDate "2021.10.06"]
[SourceQuality "1"]

1. e4 c5 2. Nf3 Nc6 3. d4 cxd4 4. Nxd4 g6 5. Nc3 Bg7 6. Be3 d6 7. Bb5 Bd7 8. Nxc6 Bxc6 9. Bxc6+ bxc6 10. Qf3 Qc7 11. O-O Nf6 12. Rad1 O-O 13. Rd2 Rab8 14. b3 Nd7 15. Ne2 Ne5 16. Qg3 Qa5 17. f4 Nd7 18. Rfd1 Nb6 19. Bd4 e5 20. fxe5 dxe5 21. Bc3 Qa6 22. Bxe5 Bxe5 23. Qxe5 Rfe8 24. Qb2 Rxe4 25. Ng3 Ree8 26. Rd4 Nd5 27. Nf1 Qb6 28. Kh1 Re6 29. c4 Ne7 30. h3 Nf5 31. R4d3 c5 32. a3 a5 33. Qd2 Nd4 34. b4 axb4 35. axb4 Nf5 36. bxc5 Qxc5 37. Rc1 Re4 38. Rd5 Qc6 39. c5 1/2-1/2

[Event "NAYCC U10"]
[Site "Toronto CAN"]
[Date "2013.08.18"]
[Round "8"]
[White "Yu, Ryan"]
[Black "Atanasov, David"]
[Result "1-0"]
[WhiteElo "802"]
[BlackElo "1076"]
[PlyCount "71"]
[GameId "2160767909258938"]
[EventDate "2013.08.14"]
[EventType "swiss"]
[EventRounds "9"]
[EventCountry "CAN"]
[SourceTitle "EXT 2022"]
[Source "ChessBase"]
[SourceDate "2021.10.06"]
[SourceVersion "1"]
[SourceVersionDate "2021.10.06"]
[SourceQuality "1"]

1. e4 c5 2. Nf3 d6 3. Nc3 g6 4. Bc4 Bg7 5. O-O Nf6 6. h3 O-O 7. d3 Nc6 8. Be3 Re8 9. Re1 a6 10. Ng5 e6 11. a4 Ne5 12. Qd2 Nxc4 13. dxc4 Re7 14. Rad1 Rd7 15. Qc1 d5 16. cxd5 exd5 17. exd5 Nxd5 18. Nxd5 Rxd5 19. Bxc5 Bxb2 20. Qb1 Be5 21. Qa2 Be6 22. Qb1 Qxg5 23. Qxb7 Rad8 24. Rxd5 Rxd5 25. Qa8+ Kg7 26. Qf8+ Kf6 27. Be7+ Kf5 28. Bxg5 Kxg5 29. Qe7+ Bf6 30. h4+ Kh5 31. g4+ Kxg4 32. Qxf6 Rh5 33. f3+ Kg3 34. Re3 Rxh4 35. f4+ Kg4 36. Qg5# 1-0

[Event "NAYCC U10"]
[Site "Toronto CAN"]
[Date "2013.08.18"]
[Round "8"]
[White "Zheng, Victor"]
[Black "Mirabelli, Aidan"]
[Result "0-1"]
[WhiteElo "1016"]
[BlackElo "913"]
[PlyCount "73"]
[GameId "2160767909258940"]
[EventDate "2013.08.14"]
[EventType "swiss"]
[EventRounds "9"]
[EventCountry "CAN"]
[SourceTitle "EXT 2022"]
[Source "ChessBase"]
[SourceDate "2021.10.06"]
[SourceVersion "1"]
[SourceVersionDate "2021.10.06"]
[SourceQuality "1"]

1. d4 d5 2. c4 e6 3. Nc3 Nf6 4. Bg5 Nbd7 5. Qb3 c6 6. f3 Be7 7. Rd1 O-O 8. e4 dxe4 9. fxe4 h6 10. Bh4 a6 11. e5 Ne8 12. Bxe7 Qxe7 13. Nf3 b5 14. a3 Nb6 15. cxb5 axb5 16. Ne4 Bb7 17. Nc5 f6 18. Nxb7 Qxb7 19. Qxe6+ Qf7 20. Qxc6 Qc7 21. Qxb5 Rd8 22. Be2 fxe5 23. Qxe5 Qxe5 24. Nxe5 Nd6 25. Nc6 Rc8 26. Ne7+ Kh8 27. Nxc8 Nbxc8 28. Rf1 Re8 29. Kf2 Rf8+ 30. Kg1 Re8 31. Bd3 Nb6 32. Rde1 Rc8 33. Re6 Rd8 34. Rxd6 Nd7 35. Rxd7 Re8 36. Rdf7 g5 37. Rh7+ 0-1

[Event "NAYCC U10"]
[Site "Toronto CAN"]
[Date "2013.08.18"]
[Round "9"]
[White "Baradaran, Arman"]
[Black "Surya, Benito"]
[Result "1-0"]
[WhiteElo "1832"]
[BlackElo "1619"]
[PlyCount "77"]
[GameId "2160767909258941"]
[EventDate "2013.08.14"]
[EventType "swiss"]
[EventRounds "9"]
[EventCountry "CAN"]
[SourceTitle "hb 2013"]

1. e4 e5 2. Nf3 Nc6 3. Bb5 a6 4. Bxc6 dxc6 5. O-O Bg4 6. d3 f6 7. Be3 Bd6 8. Nbd2 Qd7 9. h3 Be6 10. Nb3 b6 11. d4 exd4 12. Nbxd4 Bf7 13. c3 Ne7 14. Qc2 g5 15. Nh2 h5 16. f4 Rg8 17. fxg5 fxg5 18. Rad1 g4 19. h4 Bxh2+ 20. Kxh2 g3+ 21. Kg1 Qg4 22. Rf4 Qg6 23. Nf5 Qe6 24. Qd3 c5 25. Nh6 Rg7 26. Nf5 Rg8 27. c4 Ng6 28. Rff1 Ne7 29. Bg5 Nc6 30. Qxg3 Rc8 31. Nh6 Rg7 32. Qf4 Rh7 33. Rd5 Nd4 34. Qe3 c6 35. Rf6 cxd5 36. Rxe6+ Bxe6 37. exd5 Kd7 38. dxe6+ Nxe6 39. Qd3+ 1-0

[Event "NAYCC U10"]
[Site "Toronto CAN"]
[Date "2013.08.18"]
[Round "9"]
[White "Ceastov, Denis"]
[Black "Atanasov, David"]
[Result "0-1"]
[WhiteElo "248"]
[BlackElo "1076"]
[PlyCount "64"]
[GameId "2160767909258942"]
[EventDate "2013.08.14"]
[EventType "swiss"]
[EventRounds "9"]
[EventCountry "CAN"]
[SourceTitle "hb 2013"]

1. d4 Nf6 2. Nc3 d5 3. Nf3 g6 4. Bf4 Bd7 5. e3 a6 6. h3 Bg7 7. g4 O-O 8. Bg5 h6 9. Bxf6 Bxf6 10. h4 Bxg4 11. Bg2 Bxf3 12. Bxf3 e6 13. h5 Bg7 14. Bg4 Re8 15. f3 Nc6 16. Rg1 gxh5 17. Bxh5 Qh4+ 18. Kd2 Qxh5 19. Qe2 Kh7 20. Qg2 Qg6 21. Qh3 Qf6 22. Rg3 Rg8 23. Rag1 Bh8 24. Rxg8 Rxg8 25. Rxg8 Kxg8 26. e4 dxe4 27. Nxe4 Qxd4+ 28. Kc1 Qxb2+ 29. Kd2 Bg7 30. Qh5 f5 31. Nc5 Qd4+ 32. Nd3 Nb4 0-1

[Event "NAYCC U10"]
[Site "Toronto CAN"]
[Date "2013.08.18"]
[Round "9"]
[White "Chan, Eric"]
[Black "Zhang, Jason S"]
[Result "0-1"]
[WhiteElo "1571"]
[BlackElo "1605"]
[PlyCount "76"]
[GameId "2160767909258943"]
[EventDate "2013.08.14"]
[EventType "swiss"]
[EventRounds "9"]
[EventCountry "CAN"]
[SourceTitle "EXT 2022"]
[Source "ChessBase"]
[SourceDate "2021.10.06"]
[SourceVersion "1"]
[SourceVersionDate "2021.10.06"]
[SourceQuality "1"]

1. e4 c5 2. Nf3 e6 3. d4 cxd4 4. Nxd4 Nf6 5. Nc3 d6 6. Be3 a6 7. f3 Qc7 8. Qd2 Nbd7 9. Be2 Be7 10. O-O O-O 11. f4 b5 12. Bf3 Bb7 13. Rae1 Nb6 14. Bf2 Nc4 15. Qc1 Rac8 16. Nd1 Rfd8 17. b3 Nb6 18. Qe3 Nbd7 19. Bg3 Nf8 20. e5 dxe5 21. fxe5 Nd5 22. Bxd5 Rxd5 23. c3 b4 24. c4 Rxd4 25. Kh1 Rcd8 26. Bf4 Ng6 27. Bg5 Bxg5 28. Qxg5 Rd2 29. Nf2 h6 30. Qg3 Rxa2 31. h4 Qe7 32. h5 Qh4+ 33. Qh2 Rxf2 34. hxg6 Bxg2+ 35. Kg1 Rxf1+ 36. Rxf1 Qxh2+ 37. Kxh2 Bxf1 38. gxf7+ Kxf7 0-1

[Event "NAYCC U10"]
[Site "Toronto CAN"]
[Date "2013.08.18"]
[Round "9"]
[White "Demers, Alexis"]
[Black "Xiong, Dylan"]
[Result "1-0"]
[WhiteElo "1181"]
[BlackElo "727"]
[PlyCount "35"]
[GameId "2160767909267136"]
[EventDate "2013.08.14"]
[EventType "swiss"]
[EventRounds "9"]
[EventCountry "CAN"]
[SourceTitle "hb 2013"]

1. d4 d5 2. c4 e6 3. Nc3 Nf6 4. Bf4 Bd6 5. Qd2 Bxf4 6. Qxf4 c6 7. e3 Nbd7 8. Bd3 Qe7 9. Nf3 O-O 10. O-O dxc4 11. Bxc4 b5 12. Bd3 Bb7 13. e4 Rad8 14. Rfd1 Rfe8 15. e5 Nd5 16. Qe4 a6 17. Qxh7+ Kf8 18. Qh8# 1-0

[Event "NAYCC U10"]
[Site "Toronto CAN"]
[Date "2013.08.18"]
[Round "9"]
[White "Ekzhanov, Sergey"]
[Black "Yang, Kai Wen"]
[Result "0-1"]
[WhiteElo "964"]
[BlackElo "863"]
[PlyCount "80"]
[GameId "2160767909267137"]
[EventDate "2013.08.14"]
[EventType "swiss"]
[EventRounds "9"]
[EventCountry "CAN"]
[SourceTitle "hb 2013"]

1. e4 e6 2. d4 d5 3. e5 c5 4. Nf3 Nc6 5. Bb5 Bd7 6. Nc3 a6 7. Bxc6 Bxc6 8. O-O g6 9. Bg5 Qb6 10. b3 Bg7 11. Qd3 cxd4 12. Nxd4 Bxe5 13. Nxc6 Qxc6 14. Bd2 Rc8 15. Rfe1 Bxc3 16. Bxc3 Qxc3 17. Rac1 Qxd3 18. cxd3 Rxc1 19. Rxc1 Kd7 20. f4 Ne7 21. Kf2 Rc8 22. Rxc8 Nxc8 23. Ke3 Kc6 24. Kd4 f6 25. a4 Kb6 26. Kc3 Nd6 27. g4 a5 28. h4 h6 29. b4 Ka6 30. Kb3 b5 31. axb5+ Kxb5 32. bxa5 Kxa5 33. Kc3 Kb5 34. Kd4 Kb4 35. Ke3 Kc3 36. g5 hxg5 37. hxg5 f5 38. Ke2 d4 39. Kd1 Kxd3 40. Ke1 Kc2 0-1

[Event "NAYCC U10"]
[Site "Toronto CAN"]
[Date "2013.08.18"]
[Round "9"]
[White "Guo, Ryan"]
[Black "Lin, Benjamin1"]
[Result "0-1"]
[WhiteElo "1007"]
[BlackElo "1500"]
[PlyCount "44"]
[GameId "2160767909267138"]
[EventDate "2013.08.14"]
[EventType "swiss"]
[EventRounds "9"]
[EventCountry "CAN"]
[SourceTitle "EXT 2022"]
[Source "ChessBase"]
[SourceDate "2021.10.06"]
[SourceVersion "1"]
[SourceVersionDate "2021.10.06"]
[SourceQuality "1"]

1. Nf3 d5 2. c4 Nf6 3. b3 dxc4 4. bxc4 e6 5. Bb2 Be7 6. g3 O-O 7. Bg2 Nc6 8. O-O Bd7 9. d3 Rb8 10. Nc3 a6 11. a4 Bd6 12. e4 e5 13. Ne2 Re8 14. Bc3 Qc8 15. Qd2 h6 16. Rfc1 Bh3 17. Ne1 Bxg2 18. Nxg2 Qh3 19. Ne3 Bc5 20. Nf5 Ng4 21. Ne3 Qxh2+ 22. Kf1 Qxf2# 0-1

[Event "NAYCC U10"]
[Site "Toronto CAN"]
[Date "2013.08.18"]
[Round "9"]
[White "Guo, Thomas"]
[Black "Niemann, Hans Moke"]
[Result "1-0"]
[WhiteElo "1629"]
[BlackElo "1835"]
[PlyCount "80"]
[GameId "2160767909267139"]
[EventDate "2013.08.14"]
[EventType "swiss"]
[EventRounds "9"]
[EventCountry "CAN"]
[SourceTitle "EXT 2022"]
[Source "ChessBase"]
[SourceDate "2021.10.06"]
[SourceVersion "1"]
[SourceVersionDate "2021.10.06"]
[SourceQuality "1"]

1. e4 c5 2. Nf3 d6 3. d4 cxd4 4. Nxd4 Nf6 5. Nc3 a6 6. Be2 b5 7. a3 Bb7 8. Bf3 Nbd7 9. O-O Nc5 10. Re1 e5 11. Nf5 h6 12. Bd2 g6 13. Ng3 h5 14. Bg5 Bg7 15. Qd2 h4 16. Nf1 Ne6 17. Be3 Nh5 18. Bxh5 Rxh5 19. Rad1 Bf8 20. h3 g5 21. Nh2 Nf4 22. Bxf4 gxf4 23. Qe2 Rg5 24. Nf3 Rh5 25. Nh2 Rh7 26. Ng4 Bg7 27. Qd3 Ke7 28. Nd5+ Ke6 29. Nxf4+ exf4 30. e5 d5 31. Qxh7 Qg5 32. Qd3 Rc8 33. Qd4 Rxc2 34. Qb6+ Bc6 35. Qxa6 f3 36. Qc8+ Ke7 37. Qc7+ Ke8 38. Nf6+ Bxf6 39. exf6+ Re2 40. Rxe2+ fxe2 1-0

[Event "NAYCC U10"]
[Site "Toronto CAN"]
[Date "2013.08.18"]
[Round "9"]
[White "Hawthorn, Charles"]
[Black "Huang, Qiuyu"]
[Result "1-0"]
[WhiteElo "1862"]
[BlackElo "1512"]
[PlyCount "81"]
[GameId "2160767909267140"]
[EventDate "2013.08.14"]
[EventType "swiss"]
[EventRounds "9"]
[EventCountry "CAN"]
[SourceTitle "hb 2013"]

1. d4 d5 2. c4 e6 3. Nc3 Nf6 4. cxd5 exd5 5. Bg5 Be7 6. Nf3 Bg4 7. Bxf6 Bxf6 8. e3 O-O 9. Qb3 b6 10. Qxd5 c6 11. Qxd8 Rxd8 12. Be2 b5 13. Ne4 Be7 14. O-O f5 15. Ng3 g6 16. h3 Bxf3 17. Bxf3 a5 18. Rac1 Ra6 19. Rc2 Kg7 20. Rfc1 Rc8 21. Ne2 Bd6 22. Kf1 Rb6 23. Nc3 a4 24. g3 Kh6 25. Nd5 Ra6 26. Nf4 Rb6 27. Ne6 Na6 28. g4 fxg4 29. hxg4 g5 30. Rxc6 Rbxc6 31. Rxc6 Rxc6 32. Bxc6 a3 33. bxa3 Bxa3 34. Bxb5 Nb4 35. Bc4 Kg6 36. Bb3 h5 37. gxh5+ Kxh5 38. Ke2 g4 39. Nf4+ Kh4 40. Nd5 Nxd5 41. Bxd5 1-0

[Event "NAYCC U10"]
[Site "Toronto CAN"]
[Date "2013.08.18"]
[Round "9"]
[White "He, Oliver"]
[Black "Mocanu, Alexander"]
[Result "1-0"]
[WhiteElo "799"]
[BlackElo "884"]
[PlyCount "63"]
[GameId "2160767909267141"]
[EventDate "2013.08.14"]
[EventType "swiss"]
[EventRounds "9"]
[EventCountry "CAN"]
[SourceTitle "hb 2013"]

1. e4 e5 2. Nf3 d6 3. Bc4 h6 4. h3 c5 5. Nc3 Nc6 6. d3 a6 7. O-O b5 8. Bd5 Bb7 9. a3 Na5 10. Bxb7 Nxb7 11. b4 Nf6 12. bxc5 Nxc5 13. Be3 Be7 14. d4 exd4 15. Bxd4 O-O 16. Qb1 Ncxe4 17. Nxe4 Nxe4 18. Qb2 Bf6 19. Rfd1 Bxd4 20. Nxd4 Qd7 21. Re1 Nc5 22. Re3 g6 23. Rae1 Rfe8 24. Nf5 Ne6 25. Nxh6+ Kh7 26. Ng4 f5 27. Nf6+ Kg7 28. Nxd7+ Kf7 29. Qf6+ Kg8 30. Rxe6 Rf8 31. Nxf8 Rxf8 32. Qxg6+ 1-0

[Event "NAYCC U10"]
[Site "Toronto CAN"]
[Date "2013.08.18"]
[Round "9"]
[White "Hua, Eugene"]
[Black "Pan, David"]
[Result "1-0"]
[WhiteElo "1775"]
[BlackElo "1663"]
[PlyCount "57"]
[GameId "2160767909267142"]
[EventDate "2013.08.14"]
[EventType "swiss"]
[EventRounds "9"]
[EventCountry "CAN"]
[SourceTitle "hb 2013"]

1. e4 c6 2. d4 d5 3. Nc3 dxe4 4. Nxe4 Bf5 5. Ng3 Bg6 6. Nf3 Nd7 7. h4 h6 8. h5 Bh7 9. Bd3 Bxd3 10. Qxd3 e6 11. Bd2 Ngf6 12. c4 Be7 13. Bc3 Qc7 14. O-O O-O 15. Rfe1 Rfd8 16. Qe2 Rac8 17. Rad1 Bd6 18. Ne5 c5 19. Nxd7 Nxd7 20. Ne4 Bf8 21. d5 exd5 22. cxd5 Nb6 23. d6 Qc6 24. Qg4 Kh7 25. Qf5+ Kg8 26. Nf6+ gxf6 27. Qxf6 Qxg2+ 28. Kxg2 Bg7 29. Qxg7# 1-0

[Event "NAYCC U10"]
[Site "Toronto CAN"]
[Date "2013.08.18"]
[Round "9"]
[White "Hung, Justin"]
[Black "Brumund, Matthias"]
[Result "1-0"]
[WhiteElo "1179"]
[BlackElo "916"]
[PlyCount "67"]
[GameId "2160767909267143"]
[EventDate "2013.08.14"]
[EventType "swiss"]
[EventRounds "9"]
[EventCountry "CAN"]
[SourceTitle "hb 2013"]

1. e4 e5 2. Nf3 Nc6 3. Bc4 Nf6 4. Nc3 Bb4 5. d3 O-O 6. O-O d6 7. Re1 Re8 8. Ng5 Bg4 9. f3 Bh5 10. a3 Bc5+ 11. Be3 Bxe3+ 12. Rxe3 Nd7 13. Nh3 a5 14. b4 axb4 15. axb4 Rxa1 16. Qxa1 Nxb4 17. Qb2 c5 18. Nd5 Nxd5 19. Bxd5 b6 20. c4 h6 21. Bc6 Qc8 22. Bxd7 Qxd7 23. Qxb6 Re6 24. f4 d5 25. Qxc5 dxc4 26. Qxc4 exf4 27. Nxf4 Re5 28. d4 Rg5 29. g3 Rg4 30. Nxh5 Qb7 31. Qc2 Qa8 32. Qc3 Rxe4 33. d5 Qxd5 34. Qxg7# 1-0

[Event "NAYCC U10"]
[Site "Toronto CAN"]
[Date "2013.08.18"]
[Round "9"]
[White "Jeyakumar, Yathushan"]
[Black "Liu, Bowser"]
[Result "0-1"]
[WhiteElo "849"]
[BlackElo "736"]
[PlyCount "142"]
[GameId "2160767909267144"]
[EventDate "2013.08.14"]
[EventType "swiss"]
[EventRounds "9"]
[EventCountry "CAN"]
[SourceTitle "hb 2013"]

1. e4 e5 2. Nc3 Nc6 3. Nf3 Nf6 4. Bb5 Bc5 5. Nxe5 Nxe5 6. d4 Bxd4 7. Qxd4 Nc6 8. Bxc6 bxc6 9. Qe5+ Qe7 10. Qxe7+ Kxe7 11. Bg5 Re8 12. Bxf6+ gxf6 13. O-O-O Kf8 14. g4 d6 15. f3 Re5 16. f4 Ra5 17. a3 c5 18. e5 fxe5 19. fxe5 Bxg4 20. Rdg1 Bf3 21. Rf1 Bxh1 22. Rxh1 dxe5 23. Re1 Re8 24. Nd5 c6 25. Nc7 Re7 26. Na8 Rb5 27. c4 Rb8 28. Nc7 Rxc7 29. Rxe5 Re8 30. Rxc5 Re2 31. h4 Rh2 32. Rh5 Kg8 33. Rg5+ Kh8 34. Rg4 Re7 35. Kb1 Re1+ 36. Ka2 Reh1 37. Rf4 Kg8 38. Rg4+ Kf8 39. Rd4 Rxh4 40. Rd8+ Kg7 41. Rd7 Rxc4 42. Rxa7 h5 43. Kb3 Rcc1 44. a4 h4 45. a5 h3 46. a6 Ra1 47. Ra8 Rxa6 48. Rxa6 h2 49. Rxc6 Ra1 50. Rc2 h1=Q 51. Kc3 Rc1 52. Rxc1 Qxc1+ 53. Kb3 Qf4 54. Kc3 Qe4 55. b4 Kf8 56. b5 Ke8 57. b6 Kd7 58. b7 Kc7 59. b8=Q+ Kxb8 60. Kb3 Qd4 61. Kc2 Qe3 62. Kb2 Qc5 63. Kb3 Qd4 64. Kc2 Qe3 65. Kb2 Qd3 66. Kc1 Qe2 67. Kb1 Kb7 68. Kc1 Kb6 69. Kb1 Kb5 70. Kc1 f5 71. Kb1 Qd2 0-1

[Event "NAYCC U10"]
[Site "Toronto CAN"]
[Date "2013.08.18"]
[Round "9"]
[White "Landa, Tamir"]
[Black "Rajsic, William"]
[Result "1-0"]
[WhiteElo "833"]
[BlackElo "1209"]
[PlyCount "120"]
[GameId "2160767909267145"]
[EventDate "2013.08.14"]
[EventType "swiss"]
[EventRounds "9"]
[EventCountry "CAN"]
[SourceTitle "hb 2013"]

1. c4 e5 2. Nc3 Nf6 3. g3 Bc5 4. Bg2 O-O 5. d3 Ng4 6. e3 d6 7. Nf3 Nc6 8. O-O a6 9. d4 exd4 10. exd4 Ba7 11. Bf4 Bd7 12. a3 Re8 13. b4 Nf6 14. c5 dxc5 15. dxc5 Bf5 16. Qxd8 Raxd8 17. Bxc7 Rd3 18. Rac1 Re7 19. Bd6 Re8 20. Rfd1 Rxd1+ 21. Rxd1 h6 22. Nd5 Nd7 23. Nc3 Bg4 24. h3 Bf5 25. g4 Bh7 26. Re1 Rxe1+ 27. Nxe1 f6 28. Bd5+ Kh8 29. Ng2 g5 30. f4 Kg7 31. f5 Bg8 32. Ne3 Bxd5 33. Nexd5 Nd4 34. a4 Ne5 35. b5 axb5 36. axb5 Nd7 37. c6 Nxc6+ 38. Kg2 Nce5 39. Ne4 Bd4 40. Be7 Nc4 41. Nd6 Nxd6 42. Bxd6 Ne5 43. Be7 Nc4 44. Kf3 Be5 45. Ke4 Kf7 46. Bc5 Ke8 47. Nb6 Nxb6 48. Bxb6 Kd7 49. Kd5 Bf4 50. Bc5 Ke8 51. Ke6 Be5 52. Bd4 Bf4 53. Bxf6 b6 54. Bd4 Bc7 55. Bg7 Bf4 56. Bxh6 Kd8 57. f6 Ke8 58. f7+ Kd8 59. f8=Q+ Kc7 60. Qe7+ Kc8 1-0

[Event "NAYCC U10"]
[Site "Toronto CAN"]
[Date "2013.08.18"]
[Round "9"]
[White "Liu, Daniel1"]
[Black "Levkov, Daniel"]
[Result "0-1"]
[WhiteElo "1627"]
[BlackElo "1867"]
[PlyCount "90"]
[GameId "2160767909267146"]
[EventDate "2013.08.14"]
[EventType "swiss"]
[EventRounds "9"]
[EventCountry "CAN"]
[SourceTitle "EXT 2022"]
[Source "ChessBase"]
[SourceDate "2021.10.06"]
[SourceVersion "1"]
[SourceVersionDate "2021.10.06"]
[SourceQuality "1"]

1. e4 c5 2. Nf3 d6 3. d4 cxd4 4. Nxd4 Nf6 5. Nc3 g6 6. Be3 Bg7 7. Be2 O-O 8. O-O Nc6 9. Kh1 Bd7 10. f4 Rc8 11. h3 e5 12. fxe5 dxe5 13. Nb3 b6 14. Qd2 Be6 15. Qxd8 Rfxd8 16. Bg5 Bxb3 17. axb3 Rd6 18. Nb5 Nxe4 19. Nxd6 Nxd6 20. c3 Ne4 21. Bh4 Bh6 22. Bc4 Rc7 23. Be1 Nd6 24. Bd5 Ne7 25. Rd1 Nef5 26. Bf2 e4 27. Ra1 e3 28. Be1 e2 29. Rf3 Ne3 30. Bc4 Nc2 31. Rb1 Nxc4 32. bxc4 Rd7 33. Rf2 Rd1 34. Rxe2 Rxb1 35. Rxc2 Rxe1+ 36. Kh2 Rd1 37. b4 Bf4+ 38. g3 Rd2+ 39. Rxd2 Bxd2 40. c5 bxc5 41. bxc5 Bxc3 42. c6 Ba5 43. Kg2 Bc7 44. g4 a5 45. Kf3 a4 0-1

[Event "NAYCC U10"]
[Site "Toronto CAN"]
[Date "2013.08.18"]
[Round "9"]
[White "Low, Ethan"]
[Black "Feng, Richard"]
[Result "1-0"]
[WhiteElo "1397"]
[BlackElo "1534"]
[PlyCount "55"]
[GameId "2160767909267147"]
[EventDate "2013.08.14"]
[EventType "swiss"]
[EventRounds "9"]
[EventCountry "CAN"]
[SourceTitle "hb 2013"]

1. e4 c5 2. Nf3 Nc6 3. Bb5 d6 4. Bxc6+ bxc6 5. O-O Nf6 6. Re1 e5 7. c3 Be7 8. d4 cxd4 9. cxd4 exd4 10. Nxd4 O-O 11. Nxc6 Qc7 12. Nd4 Bb7 13. Nc3 d5 14. exd5 Nxd5 15. Nxd5 Bxd5 16. Nf5 Be6 17. Nxe7+ Qxe7 18. b3 Rad8 19. Qe2 Rfe8 20. Bb2 Qd7 21. Qe5 f6 22. Qg3 Kh8 23. h4 Bf5 24. Rxe8+ Rxe8 25. Qc3 Re2 26. Re1 Rc2 27. Qd4 Qxd4 28. Re8# 1-0

[Event "NAYCC U10"]
[Site "Toronto CAN"]
[Date "2013.08.18"]
[Round "9"]
[White "Mirabelli, Aidan"]
[Black "Yelamarti, Shanmukh"]
[Result "1-0"]
[WhiteElo "913"]
[BlackElo "393"]
[PlyCount "79"]
[GameId "2160767909267148"]
[EventDate "2013.08.14"]
[EventType "swiss"]
[EventRounds "9"]
[EventCountry "CAN"]
[SourceTitle "hb 2013"]

1. e4 e5 2. Nf3 Nc6 3. Bc4 Nd4 4. Nxe5 Qg5 5. Ng4 Nf6 6. Nxf6+ Qxf6 7. O-O Bd6 8. c3 Qh6 9. h3 Nc6 10. d4 Bf4 11. Bxf4 Qxf4 12. Qd2 Qxd2 13. Nxd2 O-O 14. Nf3 Na5 15. Bd3 d6 16. d5 c5 17. b4 c4 18. Bc2 Nc6 19. dxc6 bxc6 20. e5 dxe5 21. Nxe5 Bb7 22. Nxc4 Rad8 23. Rad1 Rxd1 24. Rxd1 h6 25. a4 g6 26. Rd7 Ba6 27. Nd6 Re8 28. Nxe8 f5 29. Nf6+ Kf8 30. Rxa7 Bc4 31. Nd7+ Kf7 32. Nb6+ Ke6 33. Nxc4 Kd5 34. Bb3 Ke4 35. f3+ Kd3 36. Ne5+ Kxc3 37. Be6 Kxb4 38. Rb7+ Kxa4 39. Bb3+ Ka3 40. Nc4# 1-0

[Event "NAYCC U10"]
[Site "Toronto CAN"]
[Date "2013.08.18"]
[Round "9"]
[White "Miranda-Radbord, Cameron"]
[Black "Klement, Ido"]
[Result "0-1"]
[WhiteElo "709"]
[BlackElo "1130"]
[PlyCount "83"]
[GameId "2160767909267149"]
[EventDate "2013.08.14"]
[EventType "swiss"]
[EventRounds "9"]
[EventCountry "CAN"]
[SourceTitle "hb 2013"]

1. e4 e6 2. d4 d5 3. e5 c5 4. c3 Nc6 5. Nf3 Qb6 6. b3 Bd7 7. Be3 a6 8. Bd3 Qa7 9. O-O b5 10. Qc1 c4 11. bxc4 bxc4 12. Bc2 f6 13. exf6 Nxf6 14. Re1 Qc7 15. Bg5 Be7 16. Bxf6 Bxf6 17. Bf5 O-O 18. Bxe6+ Bxe6 19. Rxe6 Rfe8 20. Rxe8+ Rxe8 21. Nbd2 Qe7 22. h3 Bg5 23. Nxg5 Qxg5 24. Nf3 Qxc1+ 25. Rxc1 Re2 26. a4 Ra2 27. Ne5 Nxe5 28. dxe5 Re2 29. f4 g5 30. fxg5 Rxe5 31. Rb1 Rxg5 32. Rb6 Rg6 33. Rxg6+ hxg6 34. g4 d4 35. Kf2 Kf7 36. h4 Kf6 37. h5 gxh5 38. gxh5 Kg5 39. a5 Kxh5 40. Ke2 Kg4 41. Kd2 Kf4 42. Ke2 0-1